Obálka
Pro půjčování e-knih musíte být přihlášeni.
Jak si půjčit online?

Dobré a ještě lepší jitro /

Dobré a ještě lepší jitro Františka Nepila je výběr z jeho velmi populárních fejetonů, ve kterých vzpomíná na svoje dětství, na různé zážitky z cest nebo svých setkání se zajímavými lidmi a většina příběhů jsou nejen vtipná a milá, ale jsou zakončena nějakým pozitivním sdělením....

Celý popis

Uloženo v:
Hlavní autor: Nepil, František (Autor)
Médium: E-audiokniha
Vydáno: Praha : Supraphon a.s., 2012
Tagy:
Žádné tagy
LEADER 01754nim a22003617i 4500
001 313268
007 sr nunnnnnnned
024 |a 099925929626 
044 |a xr 
100 1 |a  Nepil, František  |4 aut 
245 1 0 |a Dobré a ještě lepší jitro /  |c  Nepil, František 
264 1 |a Praha :  |b Supraphon a.s.,  |c 2012 
300 |a 1 online zdroj (1 hod., 2 min., 15 sek.) 
336 |a mluvené slovo  |b spw  |2 rdacontent 
337 |a audio  |b s  |2 rdamedia 
338 |a online zdroj  |b cr  |2 rdacarrier 
505 0 0 |t Teticka a rejdar (5 min., 31 sek.) 
505 0 0 |t Silvestr (4 min., 56 sek.) 
505 0 0 |t Medved Krumlik (5 min., 1 sek.) 
505 0 0 |t Oldrichuv dub (4 min., 7 sek.) 
505 0 0 |t Povest o Horymirovi (6 min., 36 sek.) 
505 0 0 |t Pes s dynamitem (5 min., 0 sek.) 
505 0 0 |t Babicka s bejbinkou (4 min., 49 sek.) 
505 0 0 |t Necky se spuntem (9 min., 23 sek.) 
505 0 0 |t Samocinna hasici zarizeni (5 min., 49 sek.) 
505 0 0 |t Ota Pavel (5 min., 52 sek.) 
505 0 0 |t O mluveni a mlceni (5 min., 13 sek.) 
520 2 |a Dobré a ještě lepší jitro Františka Nepila je výběr z jeho velmi populárních fejetonů, ve kterých vzpomíná na svoje dětství, na různé zážitky z cest nebo svých setkání se zajímavými lidmi a většina příběhů jsou nejen vtipná a milá, ale jsou zakončena nějakým pozitivním sdělením. 
700 1 |a  Nepil, František  |4 nrt 
910 |a RBIT002 
998 |d 401700  |a https://core.palmknihy.cz/api/books/401700/cover?sgtxix  |b https://core.palmknihy.cz/api/books/401700/cover/400?sgtxix  |c https://core.palmknihy.cz/api/books/401700/cover/50?sgtxix  |e 2099-01-01  |i 099925929626  |l 3735  |q 49  |r 1  |s https://www.palmknihy.cz/kniha/401700  |t audiobook  |y 2012  |z 1 
999 |d 313266